|
|
|
|
| LEADER |
00000nab a2200000uu 4500 |
| 001 |
vtls010897041 |
| 003 |
SK-MaSNL |
| 005 |
20260303142324.0 |
| 008 |
230222|2010 xo |||||||||||||||||slo| |
| 015 |
|
|
|a SNBRB
|
| 035 |
|
|
|a (urnnbn)urn:nbn:sk:snk:ar-006mg6
|
| 035 |
|
|
|a (uuid)af2ea86b-78b9-4816-b3ab-42709bafde8a
|
| 035 |
|
|
|a urn:nbn:sk:snk-ab8pk1
|
| 040 |
|
|
|a SNKBUCL
|b slo
|c SNKBUCL
|e AACR2
|
| 041 |
0 |
|
|a slo
|
| 044 |
|
|
|a xo
|c SK
|
| 100 |
1 |
|
|a Marko, Ľubomír,
|d 1962-
|4 aut
|9 224520
|
| 245 |
1 |
0 |
|a Správa zo sympózia GIST GOLS - prvá dekáda progresu Helsinky, 1.-3.10.2010
|c Ľubomír Marko
|
| 773 |
0 |
|
|t Miniinvazívna chirurgia a endoskopia
|g Roč. 14, č. 3 (2010), s. 24-27
|
| 954 |
|
|
|a odborná, vedecká literatúra pôvodná (slovenská)
|2 lita
|
| 958 |
|
|
|a OND
|
| 958 |
|
|
|a EUIPO
|
| 958 |
|
|
|a article10
|
| 999 |
|
|
|c 1982019
|d 1983949
|